| 000 | 00353nam a22001217a 4500 | ||
|---|---|---|---|
| 082 | _a220 PRO | ||
| 100 |
_aUMER,IDREES,HIKMAT ULLAH _971784 |
||
| 245 | _aPR-SOF-1212-NOC BASED COMMUNICATION CONTROLLER | ||
| 260 |
_aISLAMABAD _bNUST COLLEGE OF EME _c2012 |
||
| 650 |
_aDE-COMP-30 _971785 |
||
| 700 |
_aSUPERVISOR ,JAWAD,SAJID GUL _971786 |
||
| 942 | _cCR | ||
| 999 |
_c578116 _d578116 |
||